Grandezas y miserias del proceso penal / (Registro nro. 28892)

Detalles MARC
000 -LEADER
fixed length control field 02606nam a2200277Ia 4500
003 - CONTROL NUMBER IDENTIFIER
control field CO-CtgCURN
005 - DATE AND TIME OF LATEST TRANSACTION
control field 20250407223907.0
008 - FIXED-LENGTH DATA ELEMENTS--GENERAL INFORMATION
fixed length control field 190723s2003 xx 000 0 und d
020 ## - INTERNATIONAL STANDARD BOOK NUMBER
International Standard Book Number 9586905365
040 ## - CATALOGING SOURCE
Original cataloging agency CO-CtgCURN
Language of cataloging spa
Transcribing agency coctgcurn
082 ## - DEWEY DECIMAL CLASSIFICATION NUMBER
Classification number 345.05
Item number L847g
100 ## - MAIN ENTRY--PERSONAL NAME
Personal name Londoño Jiménez, Hernando
Relator term autor
9 (RLIN) 9382
245 #0 - TITLE STATEMENT
Title Grandezas y miserias del proceso penal /
Statement of responsibility, etc. Hernando Londoño Jiménez; prólogo., Fernando Velázquez Velázquez
260 ## - PUBLICATION, DISTRIBUTION, ETC.
Place of publication, distribution, etc. Bogotá, Colombia :
Name of publisher, distributor, etc. Leyer,
Date of publication, distribution, etc. 2003
300 ## - PHYSICAL DESCRIPTION
Extent 191 paginas:
Dimensions 24 centímetros
500 ## - GENERAL NOTE
General note Incluye prólogo e índice
504 ## - BIBLIOGRAPHY, ETC. NOTE
Bibliography, etc. note Incluye referencias bibliográficas al pie del texto
505 ## - FORMATTED CONTENTS NOTE
Formatted contents note Título I. Apelación de la resolución acusatoria -- Cap. 1. Nulidad -- Cap. 2. Dictamen psiquiátrico --Cap. 3. Inconsciencia -- Cap. 4. Antecedentes familiares de enfermedades mentales -- Cap. 5. Conducta anormal de la sindicada -- Cap. 6. El embarazo -- Cap. 7. El imposible moral -- Cap. 8. La peritación del psiquiatra -- Cap. 9. El niño al suelo -- Cap. 10. La intención - Cap. 11. El cordón umbilical -- Cap. 12. Nulidad a la luz de la doctrina -- Cap. 13. La corte constitucional en materia de nulidades -- Cap. 14. El móvil -- Cap. 15. La duda -- Cap. 16. Petición -- Titulo II. Intervención en la audiencia pública en la audiencia pública -- Cap. 1. Preámbulo -- Cap. 2. La epilepsia -- Cap. 3. El trastorno paranoide -- Cap. 4. dictamen de la psicología -- Cap. 5. La historia clínica de la madre -- Cap. 6. Dios como testigo -- Cap. 7. Libre albedrio -- Cap. 8. Electroencefalograma -- Cap. 9. Psicosis puerperal -- Cap. 10. Fiscal del tribunal -- Cap. 11. Concepto de juristas sobre imputabilidad de la causa (Fernando Velásquez Velásquez y Juan Oberto Sotomayor -- Cap. 12. La sindicada no mató al niño -- Cp. 13. las pruebas de la audiencia -- Cap. 14. Testimonio del neurólogo Rodrigo Isaza Jaramillo -- Cap. 15. Testimonio de la psicóloga Martha Forense -- Cap. 16. Testimonio del psiquiatra forense -- Cap. 17. Nulidad -- Cap. 18. reconocimiento -- Cap. 19. Alternativas del fallo y la duda -- Título III. Apelación de la sentencia condenatoria --Cap. Único. Reputación de la sentencia --Título IV. Revocatoria de la sentencia de primera instancia.
521 ## - TARGET AUDIENCE NOTE
Target audience note AREA PROFESIONAL
590 ## - LOCAL NOTE (RLIN)
Local note Programa de Derecho_18
650 ## - SUBJECT ADDED ENTRY--TOPICAL TERM
Topical term or geographic name entry element Derecho penal
9 (RLIN) 9383
650 ## - SUBJECT ADDED ENTRY--TOPICAL TERM
Topical term or geographic name entry element Procedimiento penal
9 (RLIN) 9384
700 ## - ADDED ENTRY--PERSONAL NAME
Personal name Velázquez Velázquez, Fernando
Relator term autor
9 (RLIN) 9385
942 ## - ADDED ENTRY ELEMENTS (KOHA)
Koha item type Libros
Classification part 345.05
Item part L847g
Source of classification or shelving scheme Dewey Decimal Classification
Suppress in OPAC No
Existencias
Withdrawn status Lost status Damaged status Not for loan Collection Home library Current library Shelving location Date acquired Inventory number Total checkouts Full call number Barcode Date last seen Copy number Price effective from Koha item type
          Miguel Henríquez Castañeda Barranquilla Miguel Henríquez Castañeda Barranquilla General 05/23/2018 01426   345.05 L847g 01426 07/23/2019 ej.1 07/23/2019 Libros